• 首页
  • 本馆介绍
  • 公告通知
  • 最新文献
  • 馆藏检索
  • 电子资源
  • 读者导购
  • 参考咨询
  • 我的图书馆
  • 登录
  • 详细信息显示
  • 放入我的书架
  • 预约/预借图书
  • 作者相关作品
  • 分类相关作品
  • 丛书相关作品
  • 出版社相关作品

书目信息

  • 表格格式
  • 工作单格式
  • 卡片格式
题名:
团体心理治疗基础
    
 
作者: 伯纳德 , 麦肯齐 编著 ;鲁小华 译
分册:  
出版信息: 北京   机械工业出版社  2016
页数: 21,216页
开本: 24cm
丛书名: 团体心理咨询与团体心理治疗丛书
单 册:
中图分类: R459.9
科图分类:
主题词: 集体心理治疗
电子资源:
ISBN: 978-7-111-54637-5
000 01321oam2 2200277 450
001 7211
005 20180605103554.75
010    @a978-7-111-54637-5@dCNY45.00
100    @a20161213d2016 em y0chiy50 ea
101 1  @achi@ceng
102    @aCN@b110000
105    @ay z 000yy
200 1  @a团体心理治疗基础@9tuan ti xin li zhi liao ji chu@dBasics of group psychotherapy@f(美)哈罗德S.伯纳德(Harold S. Bernard),(美) K.罗伊·麦肯齐 (K. Roy MacKenzie)编著@g鲁小华译@zeng
210    @a北京@c机械工业出版社@d2016
215    @a21,216页@d24cm
225 1  @a团体心理咨询与团体心理治疗丛书
330    @a本书聚焦于实际操作的技术上,从对团体成员的筛选评估、团体治疗过程的不同阶段描述、治疗师在团体中扮演的角色、团体技术的原则、对具有挑战性的情境如何应对、团体干预适合针对解决的问题,以及治疗过程中理论的运用等方面,全方位地展示了一个咨询师应该如何开展团体治疗工作,并提供了详实的方法和案例说明,帮助咨询师更加有效地开展团体治疗工作。
461  0 @12001 @a团体心理咨询与团体心理治疗丛书
510 1  @aBasics of group psychotherapy@zeng
606 0  @a集体心理治疗
690    @aR459.9@v5
701  0 @c(美)@a伯纳德@9bo na de@c(Bernard, Harold S.)@4编著
701  0 @c(美)@a麦肯齐@9mai ken qi@c(MacKenzie, K. Roy)@4编著
702  0 @a鲁小华@9lu xiao hua@4译
801  0 @aCN@b91MARC@c20161213
905    @aMuseLib@dR459.9@e119
    
    团体心理治疗基础=Basics of group psychotherapy/(美)哈罗德S.伯纳德(Harold S. Bernard),(美) K.罗伊·麦肯齐 (K. Roy MacKenzie)编著/鲁小华译.-北京:机械工业出版社,2016
    21,216页;24cm.-(团体心理咨询与团体心理治疗丛书)
    
    
    ISBN 978-7-111-54637-5:CNY45.00
    本书聚焦于实际操作的技术上,从对团体成员的筛选评估、团体治疗过程的不同阶段描述、治疗师在团体中扮演的角色、团体技术的原则、对具有挑战性的情境如何应对、团体干预适合针对解决的问题,以及治疗过程中理论的运用等方面,全方位地展示了一个咨询师应该如何开展团体治疗工作,并提供了详实的方法和案例说明,帮助咨询师更加有效地开展团体治疗工作。
●
相关链接 在E读中查询图书 在五车中查询图书 在当当中查询图书 在豆瓣中查询图书


正题名:团体心理治疗基础     索取号:R459.9/119         预约/预借

序号 登录号 条形码 馆藏地/架位号 状态 备注
1 1116909   211169091   第二样本阅览室/ [索取号:R459.9/119] 在馆    
2 1116910   211169108   教育系资料室/ [索取号:R459.9/119] 在馆    
3 1116911   211169117   教育系资料室/ [索取号:R459.9/119] 在馆    
4 1116912   211169126   第三借阅区/ [索取号:R459.9/119] 在馆    
唐山师范学院图书馆 欢迎您!
大连网信软件有限公司© 版权所有